Russian Oblasts by land area - Statistics

General Stats
  • This quiz has been taken 127 times
  • The average score is 18 of 83
Answer Stats
Area (Km2) Answer % Correct
1 S 3,083,523 Sakha
90%
2 K 2,366,797 Krasnoyarsk
87%
3 K 787,633 Khabarovsk
56%
4 I 774,846 Irkutsk
54%
6 C 721,481 Chukotka
49%
5 Y 769,250 Yamalo Nenets
36%
8 K 464,275 Kamchatka
33%
9 M 462,464 Magadan
33%
82 M 2,561 Moscow
31%
83 S 1,403 Saint Petersburg
31%
10 Z 431,892 Zabaykalsky
31%
12 A 413,103 Arkhangelsk
28%
18 N 177,756 Novosibirsk
28%
33 R 100,967 Rostov
28%
13 A 361,908 Amur
26%
14 B 351,334 Buryatia
26%
52 D 50,270 Dagestan
26%
81 I 3,628 Ingushetia
26%
7 K/Y 534,801 Khanty-Mansi / Yugra
26%
19 N 176,810 Nenets
26%
28 O 141,140 Omsk
26%
15 T 314,391 Tomsk
26%
21 A 167,996 Altai
23%
27 B 142,947 Bashkortostan
23%
17 K 180,520 Karelia
23%
30 K 120,374 Kirov
23%
11 K 416,774 Komi
23%
39 L 83,908 Leningrad
23%
25 M 144,902 Murmansk
23%
29 O 123,702 Orenburg
23%
22 P 164,673 Primorsky
23%
24 T 160,122 Tyumen
23%
31 V 112,877 Volgograd
23%
26 V 144,527 Vologda
23%
51 V 52,216 Voronezh
23%
80 A 7,792 Adygea
21%
54 A 49,024 Astrakhan
21%
71 L 24,047 Lipetsk
21%
23 P 160,236 Perm
21%
32 S 101,240 Saratov
21%
16 S 194,307 Sverdlovsk
21%
35 A 92,903 Altai
18%
36 C 88,529 Chelyabinsk
18%
60 J 36,271 Jewish
18%
76 K 15,125 Kaliningrad
18%
42 K 74,731 Kalmykia
18%
64 K 29,997 Kursk
18%
70 O 24,652 Oryol
18%
58 R 39,605 Ryazan
18%
44 T 67,847 Tatarstan
18%
20 T 168,604 Tuva
18%
59 U 37,181 Ulyanovsk
18%
66 V 29,084 Vladimir
18%
61 Y 36,177 Yaroslavl
18%
75 C 16,165 Chechnya
15%
34 K 95,725 Kemerovo
15%
41 K 75,485 Krasnodar
15%
72 M 23,375 Mari El
15%
40 N 76,624 Nizhny Novgorod
15%
56 P 43,352 Penza
15%
48 P 55,399 Pskov
15%
38 T 84,201 Tver
15%
57 U 42,061 Udmurtia
15%
62 B 34,857 Bryansk
13%
74 C 18,343 Chuvashia
13%
73 I 21,437 Ivanovo
13%
65 K 29,777 Kaluga
13%
55 M 44,329 Moscow
13%
79 N 7,987 North Ossetia-Alania
13%
37 S 87,101 Sakhalin
13%
53 S 49,779 Smolensk
13%
63 T 34,462 Tambov
13%
69 T 25,679 Tula
13%
67 B 27,134 Belgorod
10%
43 K 71,488 Kurgan
10%
68 M 26,128 Mordovia
10%
49 N 54,501 Novgorod
10%
50 S 53,565 Samara
10%
45 S 66,160 Stavropol
10%
78 K 12,470 Kabardino-Balkaria
8%
77 K 14,277 Karachay-Cherkessia
8%
46 K 61,569 Khakassia
8%
47 K 60,211 Kostroma
8%
No matching quizzes found
Score Distribution
Percent of People with Each Score
Percentile by Number Answered
Your Score History
You have not taken this quiz